[Event "Bastiais Master 6th"]
[Site "Bastia"]
[Date "2007.11.??"]
[Round "?"]
[White "Michel, Damien"]
[Black "Gil, Jean Jacques"]
[Result "1/2-1/2"]
[WhiteElo "1632"]
[BlackElo "1620"]
[PlyCount "86"]
[EventDate "2007.11.??"]
[EventType "swiss"]
[EventRounds "9"]
[EventCountry "FRA"]
[SourceTitle "EXT 2009"]
[Source "ChessBase"]
[SourceDate "2008.11.26"]
[SourceVersion "1"]
[SourceVersionDate "2008.11.26"]
[SourceQuality "1"]

1. e4 e6 2. d4 a6 3. c4 b5 4. c5 Bb7 5. f3 d6 6. Be3 dxc5 7. dxc5 Qxd1+ 8. Kxd1 Nc6 9. Nc3 Rd8+ 10. Ke1 Be7 11. a3 Nd4 12. Bxd4 Rxd4 13. b4 c6 14. Rd1 Rxd1+ 15. Kxd1 Nf6 16. Bd3 0-0 17. Nge2 Rd8 18. Kc2 e5 19. Rd1 Bc8 20. Nc1 Be6 21. Nb3 Bxb3+ 22. Kxb3 Nh5 23. g3 g6 24. Ne2 Ng7 25. Bc2 Rxd1 26. Bxd1 f5 27. Kc3 fxe4 28. Bb3+ Kf8 29. fxe4 Bd8 30. Ng1 a5 31. Nf3 axb4+ 32. axb4 Bc7 33. Ng5 h6 34. Nf7 h5 35. Ng5 Ke7 36. Kd3 Kf6 37. h4 Bd8 38. Nh7+ Ke7 39. Ke3 Ne6 40. Kd3 Bc7 41. Bd1 Bd8 42. Bb3 Bc7 43. Bd1 Bd8 1/2-1/2

[Event "Bastiais Master 2nd"]
[Site "Bastia"]
[Date "2005.10.07"]
[Round "1"]
[White "Michel, Damien"]
[Black "Morganti, Noel"]
[Result "0-1"]
[WhiteElo "1638"]
[BlackElo "1624"]
[PlyCount "90"]
[EventDate "2005.10.07"]
[EventType "swiss"]
[EventRounds "7"]
[EventCountry "FRA"]
[SourceTitle "EXT 2007"]
[Source "ChessBase"]
[SourceDate "2006.11.23"]
[SourceVersion "1"]
[SourceVersionDate "2006.11.23"]
[SourceQuality "1"]

1. e4 d6 2. d4 Nf6 3. Nc3 g6 4. f4 Bg7 5. Nf3 c5 6. dxc5 Qa5 7. Bd2 Qxc5 8. Bd3 0-0 9. Qe2 Bg4 10. Rf1 Nc6 11. Na4 Qh5 12. h3 Bxf3 13. Qxf3 Qxf3 14. Rxf3 Rac8 15. Rc1 b6 16. Nc3 Nd4 17. Rf2 e6 18. g4 Nd7 19. Nb5 Nxb5 20. Bxb5 Nc5 21. Re2 Bxb2 22. Rd1 a6 23. Bc4 b5 24. Bb3 Nb7 25. Bb4 Rfd8 26. Re3 a5 27. c3 axb4 28. cxb4 Bc3+ 29. Ke2 Bxb4 30. f5 exf5 31. exf5 Re8 32. fxg6 Rxe3+ 33. Kxe3 hxg6 34. Bd5 Rc3+ 35. Kf4 Nc5 36. h4 Ne6+ 37. Bxe6 fxe6 38. Kg5 Kg7 39. Rf1 Ba3 40. h5 Rc5+ 41. Kh4 gxh5 42. gxh5 Rf5 43. Rg1+ Kh7 44. h6 Bb2 45. Rg2 Bf6+ 0-1

[Event "Corsica CC-A"]
[Site "Corsica"]
[Date "2004.08.06"]
[Round "6"]
[White "Gil, Ludovic"]
[Black "Michel, Damien"]
[Result "1/2-1/2"]
[WhiteElo "1660"]
[BlackElo "1710"]
[PlyCount "135"]
[EventDate "2004.08.01"]
[EventType "tourn"]
[EventRounds "9"]
[EventCountry "FRA"]
[SourceTitle "EXT 2008"]
[Source "ChessBase"]
[SourceDate "2007.11.25"]
[SourceVersion "1"]
[SourceVersionDate "2007.11.25"]
[SourceQuality "1"]

1. e4 e5 2. Nf3 Nc6 3. Bc4 Bc5 4. c3 Nf6 5. d4 exd4 6. cxd4 Bb4+ 7. Nc3 0-0 8. e5 d5 9. Bb3 Ne4 10. Bd2 Nxd2 11. Qxd2 Bg4 12. Bd1 Re8 13. 0-0 Qd7 14. h3 Bf5 15. a3 Ba5 16. b4 Bb6 17. Na4 h6 18. Nxb6 axb6 19. Bc2 Be4 20. Ne1 Qf5 21. Bxe4 Qxe4 22. Nf3 Re6 23. Rfe1 Qg6 24. g4 f6 25. Qf4 Rf8 26. Qf5 fxe5 27. Qxg6 Rxg6 28. Nxe5 Nxe5 29. Rxe5 c6 30. Rae1 Rgf6 31. R5e2 Rf3 32. Re7 Rxh3 33. Rxb7 Rxa3 34. Rxb6 Rd3 35. Rxc6 Rxd4 36. b5 Rxg4+ 37. Kf1 Rgf4 38. Re2 R4f6 39. Rc5 Rd8 40. Rd2 d4 41. Rc4 d3 42. Rc3 Rfd6 43. Rb3 Rb6 44. f3 Kf7 45. Kf2 Rd5 46. Rbxd3 Rxd3 47. Rxd3 Rxb5 48. Rd7+ Kg6 49. Rd6+ Kf5 50. Rd7 g6 51. Rf7+ Kg5 52. Kg3 Rb3 53. Rf4 h5 54. Rh4 Kh6 55. Rf4 g5 56. Rf5 Kg6 57. Rf8 Rb7 58. Rg8+ Kf5 59. Rf8+ Ke6 60. Re8+ Kf6 61. Rf8+ Rf7 62. Re8 Kf5 63. Re4 h4+ 64. Kh3 g4+ 65. Rxg4 Ke5 66. f4+ Rxf4 67. Rxf4 Kxf4 68. Kxh4 1/2-1/2

[Event "Bastiais Master"]
[Site "Bastia"]
[Date "2003.??.??"]
[Round "?"]
[White "Luciani, Jean Francois"]
[Black "Michel, Damien"]
[Result "0-1"]
[WhiteElo "1790"]
[BlackElo "1590"]
[PlyCount "42"]
[EventDate "2003.??.??"]
[EventType "swiss"]
[EventRounds "7"]
[EventCountry "FRA"]
[SourceTitle "EXT 2007"]
[Source "ChessBase"]
[SourceDate "2006.11.23"]
[SourceVersion "1"]
[SourceVersionDate "2006.11.23"]
[SourceQuality "1"]

1. e4 e5 2. Nf3 Nc6 3. Bb5 a6 4. Bxc6 dxc6 5. 0-0 Bg4 6. h3 Bxf3 7. Qxf3 Nf6 8. d3 h6 9. Nd2 Bd6 10. Nc4 b6 11. d4 Qe7 12. dxe5 Bxe5 13. Qf5 Nd7 14. Nxe5 Nxe5 15. Be3 Rd8 16. Rad1 0-0 17. f4 Nc4 18. Bd4 c5 19. Bf2 Nxb2 20. e5 Rxd1 21. Rxd1 Nxd1 0-1